Ensayos desde la pandemia para imaginar el Perú Bicentenario / (Record no. 22922)

000 -CABECERA
fixed length control field 01486nam a22002657i 4500
003 - IDENTIFICADOR DEL NÚMERO DE CONTROL
control field AR-CdUCM
008 - DATOS DE LONGITUD FIJA--INFORMACIÓN GENERAL
fixed length control field 240523b20222022pe ||||| |||| 00| 0 spa d
020 ## - NÚMERO INTERNACIONAL ESTÁNDAR DEL LIBRO
ISBN 978-612-49021-5-4
040 ## - FUENTE DE LA CATALOGACIÓN
Agencia/entidad que catalogó originalmente la obra MUNICIPALIDAD PROVINCIAL DEL CUSCO
Entidad que transcribió la catalogación BIBLIOTECA MUNICIPAL DEL CUSCO
082 ## - NÚMERO DE LA CLASIFICACIÓN DECIMAL DEWEY
No. de Clasificación 869.5048 / E
Notacion interna E
110 ## - ENTRADA PRINCIPAL--NOMBRE DE ENTIDAD CORPORATIVA
Nombre de la institución, jurisdicción como entrada principal Ministerio de Cultura del Perú - Proyecto Especial Bicentenario de la Independencia del Perú
9 (RLIN) 49983
245 ## - MENCIÓN DE TÍTULO
Título Ensayos desde la pandemia para imaginar el Perú Bicentenario /
260 ## - PUBLICACIÓN, DISTRIBUCIÓN, ETC.
Lugar de publicación, distribución, etc. Lima :
Nombre de la editorial, distribuidor, etc. Ministerio de Cultura del Perú,
Fecha de publicación, distribución, etc. 2022
300 ## - DESCRIPCIÓN FÍSICA
Nº de Páginas Extensión 453 páginas. :
Dimensiones 29 cm.
505 ## - NOTA DE CONTENIDO CON FORMATO
Nota de contenido formateada Bicentenario republicano: Dolor, resiliencia y esperanza -- La batalla de ser nosotros mismos -- Memoria del futuro -- Las guerras y el estado empírico -- El virus que desnuda -- El indígena en el siglo XXI -- La mancha del bicentenario -- Pestes coloniales: "El mendigo andrajoso que la llevaba a los pueblos alejados" -- El antiguo Perú frente al bicentenario -- 200 años después: De nuevo, el miedo -- La independencia de lucha en casa -- Salud mental: Anhelo y urgencia
650 ## - PUNTO DE ACCESO ADICIONAL DE MATERIA--TÉRMINO DE MATERIA
Descriptor Bicentenario republicano: Dolor, resiliencia y esperanza
9 (RLIN) 49988
650 ## - PUNTO DE ACCESO ADICIONAL DE MATERIA--TÉRMINO DE MATERIA
Descriptor Las guerras y el estado empírico
9 (RLIN) 49989
650 ## - PUNTO DE ACCESO ADICIONAL DE MATERIA--TÉRMINO DE MATERIA
Descriptor El virus que desnuda
9 (RLIN) 49990
650 ## - PUNTO DE ACCESO ADICIONAL DE MATERIA--TÉRMINO DE MATERIA
Descriptor El indígena en el siglo XXI
9 (RLIN) 49991
650 ## - PUNTO DE ACCESO ADICIONAL DE MATERIA--TÉRMINO DE MATERIA
Descriptor Salud mental: Anhelo y urgencia
9 (RLIN) 49992
856 ## - LOCALIZACIÓN Y ACCESO ELECTRÓNICOS
Dirección electrónica www.bicentenario.gob.pe
942 ## - ELEMENTOS DE PUNTO DE ACCESO ADICIONAL (KOHA)
Fuente de clasificación
Tipo de item Libros-BMC
945 ## - PROCESAMIENTO DE INFORMACIÓN LOCAL (OCLC)
Catalogador pbj
AAAA-MM-DD - Fecha de ingreso o modificacion 2024-05-23
Holdings
Estado de retiro (separado) Fuente de clasificación o esquema de estanterías Estado dañado Ubicación Sala donde se ubica Nombre de la colección Fecha de adquisición o compra Información codificada de la localización en otra ubicación Costo, precio normal en soles Signatura topográfica Código de Barras Última vez visto (Koha) Tipo de ítem (Koha)
No     Sala Humanidades Sala Humanidades Book Cart 2024-05-23 Depósito L 20.00 869.5048 / E SH0000016759 2024-05-23 Libros-BMC

Powered by Koha